Violence in student writing. a school administrator's guide

Uloženo v:
Podrobná bibliografie
Hlavní autor: Oltiman, Gretchen
Médium: Kniha
Jazyk:angličtina
Vydáno: Crown press. 2013.
Tagy: Přidat tag
Žádné tagy, Buďte první, kdo vytvoří štítek k tomuto záznamu!

MARC

LEADER 00000nam a22000007a 4500
008 211101b ||||| |||| 00| 0 eng d
020 |a 9781452203973 
100 |a Oltiman, Gretchen. 
245 |a Violence in student writing.  |b a school administrator's guide  |c Gretchen Oltman  |g xxi,118p.. 
260 |b Crown press.  |c 2013.  |d Book.  |h Thousand Oaks California  |i 692779  |i 692780.  |l LB3013,2.O18  |m School violence--United States--Prevention.  |m Violence in literature.  |m High school students' writings  |m School management and organization--United States. 
500 |a Includes bibliographical references (p. 103-107) and index. 
942 |a lcc  |c BK  |e Olagoke, M.A.  |f 01/11/2021. 
952 |0 0  |1 0  |2 lcc  |4 0  |7 0  |9 3789  |a HOL  |b ED  |c LP  |d 2021-11-01  |o LB3013.2.O18  |p 2021-67521  |r 2021-11-01 00:00:00  |t 692780  |w 2021-11-01  |y BK 
952 |0 0  |1 0  |2 ddc  |4 0  |7 0  |9 3861  |a HOL  |b HOL  |d 2021-11-08  |l 0  |r 2021-11-08 00:00:00  |t 692779  |w 2021-11-08  |y BK 
999 |c 1891  |d 1891